Szczegóły MARC21

Prawo gospodarcze dla ekonomistów /

005 -DATA I CZAS OSTATNIEJ MODYFIKACJI [,]
    • @
    • pole kontrolne
    • 20070315155141.9
020 -Międzynarod. znormalizowany nr książki - ISBN [ , ]
    • a
    • Numer ISBN
    • 8390277530 Find
040 -Instytucja sporządzająca opis [ , ]
    • a
    • Instytucja, która sporządziła opis (NP)
    • SZCZ U
    • c
    • Instytucja, która sporządziła rekord (NP)
    • SZCZ U
041 -Język dokumentu [0, ]
    • a
    • Język tekstu (P)
    • polski
    • h
    • Język tekstu oryginalnego i/lub pośredniego (P)
    • polski
942 -Rodzaj dokumentu [ , ]
    • c
    • Rodzaj dokumentu
    • Książka
100 -Hasło główne - nazwa osobowa [ , ]
    • a
    • Nazwa osobowa (NP)
    • KUFEL, JAN
245 -Strefa tytułu i oznaczenia odpowiedzialności [1, ]
    • a
    • Tytuł
    • Prawo gospodarcze dla ekonomistów / Find
    • c
    • Pozostałe elementy strefy tytułu i oznaczenia odpowiedzialności (NP)
    • Jan Kufel, Wojciech Siuda.
250 -Strefa wydania [ , ]
    • a
    • Oznaczenie wydania (NP)
    • [Stan prawny na dzień 1 stycznia 2000 r.].
260 -Strefa adresu wydawniczego [ , ]
    • a
    • Miejsce wydania (P)
    • Poznań :
    • b
    • Nazwa wydawcy (P)
    • "Scriptus",
    • c
    • Data wydania (P)
    • 2001.
300 -Strefa opisu fizycznego [ , ]
    • a
    • Określenie formy książki i/lub objętość (NP)
    • 315 s. :
    • c
    • Format (NP)
    • 24 cm.
080 -Uniwersalna Klasyfikacja Dziesiętna [ , ]
    • a
    • Symbol klasyfikacji
    • 346(075.8)
980 -Symbol UKD [ , ]
    • a
    • UKD
    • 346(075.8)
700 -Hasło dodatkowe - nazwa osobowa [ , ]
    • a
    • Nazwa osobowa (NP)
    • Siuda Wojciech Find
920 -ISBN [ , ]
    • a
    • ISBN
    • 83-902775-3-0 Find
Data inwentaryzacji Lokalizacja Status udost. Numer inwentarzowy Sygnatura
2002-02-14BE2S.89051 
2002-02-14BE2S.89052 
2002-02-14BE-3S.89053 
2002-02-14BE-3S.89054 
2001-06-21T-6T.5527T.5527
2001-06-21T-6T.5528T.5528
2001-06-21T-6T.5529T.5529
2001-06-21T-6T.5530T.5530
2001-06-21T-6T.5531T.5531
2001-06-21T-6T.5532T.5532
2001-06-21T-6T.5533T.5533
2001-06-21T-6T.5534T.5534
2001-06-21T-6T.5535T.5535
2001-06-21T-6T.5536T.5536